Top 20 Baby Girls Names (1970s) Quiz Stats

 Plays Quiz Updated Apr 4, 2016

Score 0/20 Timer 03:00
1 Play Today
% Correct
Jennifer
81.5%
Michelle
75.7%
Elizabeth
73.9%
Sarah
71%
Jessica
70.2%
Stephanie
69.7%
Melissa
67.5%
Kimberly
66.1%
Lisa
65.9%
Heather
64.9%
% Correct
Amy
64.4%
Laura
62.2%
Amanda
61.7%
Rebecca
60.8%
Julie
59.2%
Nicole
57.8%
Christina
57.7%
Mary
57.4%
Kelly
55.7%
Angela
51.2%

You're not logged in!

Compare scores with friends on all Sporcle quizzes.
OR
Log In

Show Comments

Extras

Top Quizzes Today


Score Distribution

Your Account Isn't Verified!

In order to create a playlist on Sporcle, you need to verify the email address you used during registration. Go to your Sporcle Settings to finish the process.

Report this User

Report this user for behavior that violates our Community Guidelines.

Details: